Welcome to CU Library Online Public Access Catalogue (OPAC)

The business of tourism management (Record no. 5027)

MARC details
000 -LEADER
fixed length control field 00326nam a22001337a 4500
005 - DATE AND TIME OF LATEST TRANSACTION
control field 20250320191352.0
008 - FIXED-LENGTH DATA ELEMENTS--GENERAL INFORMATION
fixed length control field 250320b |||||||| |||| 00| 0 eng d
020 ## - INTERNATIONAL STANDARD BOOK NUMBER
International Standard Book Number 9780273688013
050 ## - LIBRARY OF CONGRESS CALL NUMBER
Classification number G 155 BUS
Item number 1
100 ## - MAIN ENTRY--PERSONAL NAME
Personal name BEECH, John
245 ## - TITLE STATEMENT
Title The business of tourism management
300 ## - PHYSICAL DESCRIPTION
Extent xxi,577p
942 ## - ADDED ENTRY ELEMENTS (KOHA)
Source of classification or shelving scheme Library of Congress Classification
Koha item type Books
Suppress in OPAC No
999 ## -
-- 5027
-- 5027
Holdings
Withdrawn status Lost status Source of classification or shelving scheme Damaged status Not for loan Collection Home library Current library Shelving location Date acquired Total checkouts Full call number Barcode Date last seen Copy number Price effective from Koha item type
    Library of Congress Classification     Non-fiction Graduate Library (Christ Temple) Graduate Library (Christ Temple) General stacks 03/20/2025   G 155 BUS GSCT00000721 03/20/2025 1 03/20/2025 Books
    Library of Congress Classification     Non-fiction Graduate Library (Christ Temple) Graduate Library (Christ Temple) General stacks 03/20/2025   G 155 BUS GSCT00000722 03/20/2025 2 03/20/2025 Books
    Library of Congress Classification     Non-fiction Undergraduate Library (Christ Temple) Undergraduate Library (Christ Temple) General stacks 05/28/2025   G155.AIB887 BUS ulct00002703 05/28/2025 1 05/28/2025 Books
    Library of Congress Classification     Non-fiction Undergraduate Library (Christ Temple) Undergraduate Library (Christ Temple) General stacks 05/28/2025   G155.AIB887 BUS ulct00002704 05/28/2025 2 05/28/2025 Books
© 2023-2024 Copyright: Central University Libraries. All Rights Reserved | Created by: Mahone Tech Office